Common Themed Answers IV Quiz Stats

Quiz Updated Aug 24, 2015

Challenge
Share
Tweet
Embed
Score 0/20 Timer 06:00
3 Plays Today
Clue Answer % Correct
The Pope is the leader of this institutionRoman Catholic Church
85.5%
Tallest building in New York City from 2001 to 2012Empire State Building
83.5%
Like a good neighbor, this company is thereState Farm Insurance
76.7%
Annual speech given by the President to a joint session of CongressState of the Union Address
70.9%
Leader who coined the phrase 'Iron Curtain'Winston Churchill
68.7%
Position held by Colin Powell, Henry Kissinger and George MarshallSecretary of State
68.4%
Home of the BuckeyesOhio State University
64.5%
Gas, liquid, solid or plasmaState of matter
62.8%
L. Ron Hubbard founded belief systemChurch of Scientology
60.5%
Elizabeth II is the Supreme Governor of this Anglican institutionChurch of England
56.6%
Clue Answer % Correct
1998 political thriller in which Will Smith is hunted by the NSAEnemy of the State
45.2%
'Holier-than-thou' Dana Carvey SNL characterThe Church Lady
42.4%
Theme of this quizSeparation of church and state
39.4%
Fast-food chicken chain with the slogan 'I know what good is!'Church's Chicken
32.5%
To be exhibited publicly before burialLie in state
26.5%
Welsh pop music and television starCharlotte Church
24.3%
Band with the 1995 hit 'Lump'Presidents of the United States of America
23.8%
Song sung by Eliza Doolittle's dad in 'My Fair Lady''Get Me to the Church On Time'
21.3%
One of the largest colleges of the University of OxfordChrist Church
15.9%
Played Sandman in 'Spider Man 3'Thomas Haden Church
15%

You're not logged in!

Compare scores with friends on all Sporcle quizzes.
Join for Free
OR
Log In

You Might Also Like...

Show Comments

Extras

Top Quizzes Today


Score Distribution

Your Account Isn't Verified!

In order to create a playlist on Sporcle, you need to verify the email address you used during registration. Go to your Sporcle Settings to finish the process.

Report this User

Report this user for behavior that violates our Community Guidelines.

Details: